| 000 | 00418nam a22001697a 4500 | ||
|---|---|---|---|
| 003 | LK-CoDNM | ||
| 005 | 20240805102305.0 | ||
| 008 | 240805b |||||||| |||| 00| 0 eng d | ||
| 040 |
_aLK-CoDNM _dLK-CoDNM _eLK-CoDNM |
||
| 041 | _aeng | ||
| 080 |
_a16 _bE2 |
||
| 100 | _aGogerly,Daniel, John | ||
| 245 | _aCeylon Buddhism | ||
| 260 |
_aKegan Paul _bLondon _c1908 |
||
| 300 | _aix, xviii, 593p. : 25 cm | ||
| 942 | _cBK | ||
| 999 |
_c146496 _d146496 |
||